000 00388nam a22001697a 4500
003 SGT
020 _a9789390281367
082 _a616.5
_bS22S
100 _aSARDANA, KABIR
245 _aSYSTEMIC DRUGS IN DERMATOLOGY
250 _a2ND
260 _aINDIA
_bJAYPEE PUB
_c2022
300 _a1112
650 _aDERMATOLOGY
653 _aSYSTEMIC DRUGS IN DERMATOLOGY
942 _2ddc
_cBK
999 _c25440
_d25440